Poznatky behaviorálnych vied a navrhovanie účinnejších regulačných opatrení vo verejnej správe diplomová práca

Na minha lista:
Detalhes bibliográficos
Autor principal: Bačová, Patrícia
Autor Corporativo: Národohospodárska fakulta EU. Katedra verejnej správy a regionálneho rozvoja
Outros Autores: Černěnko, Tomáš, 1981-
Formato: Livro
Idioma:eslovaco
Publicado em: Bratislava 2018
Tags: Adicionar Tag
Sem tags, seja o primeiro a adicionar uma tag!

MARC

LEADER 00000nbm a2200000 4500
001 0244214
005 20181113142239.2
041 0 |a slo 
044 |a SK 
245 1 0 |a Poznatky behaviorálnych vied a navrhovanie účinnejších regulačných opatrení vo verejnej správe  |b diplomová práca  |c Patrícia Bačová ; školiteľ: Tomáš Černěnko 
264 1 |a Bratislava  |c 2018 
300 |a 66 s. 
100 1 |a Bačová, Patrícia 
700 1 |a Černěnko, Tomáš, 1981- 
710 2 |a Národohospodárska fakulta EU. Katedra verejnej správy a regionálneho rozvoja